[Event "Deutsche Ländermeisterschaft 2021"]
[Site "Neumünster GER"]
[Date "2021.10.05"]
[Round "6"]
[White "Müller, Sophie Charlotte"]
[Black "Voigt, Anastasia"]
[Result "0-1"]
[Termination "normal"]
[Board "7.6"]
[WhiteElo "1554"]
[BlackElo "1756"]
[WhiteClock "00:11:46"]
[BlackClock "00:04:32"]
[WhiteTeam "Mecklenburg-Vorpommern"]
[BlackTeam "Sachsen-Anhalt"]
[PlyCount "130"]
[WhiteFideId "16246683"]
[BlackFideId "16235223"]
[EventCountry "GER"]
[EventRounds "7"]
[EventType "team-swiss"]
[EventDate "2021.10.01"]

1. e4 {[%clk 1:30:57]} e5 {[%clk 1:30:56]} 2. f4 {[%clk 1:31:23]} d6 {[%clk
1:24:42]} 3. Nf3 {[%clk 1:31:40]} Nc6 {[%clk 1:24:04]} 4. Bb5 {[%clk 1:31:04]}
Bd7 {[%clk 1:19:30]} 5. d3 {[%clk 1:29:33]} Qe7 {[%clk 1:17:48]} 6. Nc3 {[%clk
1:27:28]} O-O-O {[%clk 1:15:52]} 7. Nd5 {[%clk 1:27:10]} Qe8 {[%clk 1:15:12]}
8. c3 {[%clk 1:24:23]} Nge7 {[%clk 1:13:24]} 9. O-O {[%clk 1:20:16]} f6 {[%clk
1:06:38]} 10. a4 {[%clk 1:12:22]} Nxd5 {[%clk 1:01:51]} 11. exd5 {[%clk
1:12:39]} Ne7 {[%clk 1:01:29]} 12. Bc4 {[%clk 1:07:54]} Nf5 {[%clk 0:55:04]}
13. Re1 {[%clk 1:03:17]} Qf7 {[%clk 0:48:56]} 14. b4 {[%clk 1:01:15]} exf4
{[%clk 0:48:33]} 15. Bxf4 {[%clk 1:00:56]} g5 {[%clk 0:48:17]} 16. Be3 {[%clk
0:58:57]} g4 {[%clk 0:45:56]} 17. Nd4 {[%clk 0:58:18]} Nxe3 {[%clk 0:44:36]}
18. Rxe3 {[%clk 0:58:46]} Bh6 {[%clk 0:42:11]} 19. Re1 {[%clk 0:54:26]} f5
{[%clk 0:37:58]} 20. Nc6 {[%clk 0:48:59]} Bxc6 {[%clk 0:29:13]} 21. dxc6 {[%clk
0:48:55]} d5 {[%clk 0:25:10]} 22. cxb7+ {[%clk 0:46:32]} Kxb7 {[%clk 0:22:03]}
23. Bb3 {[%clk 0:42:57]} Qg7 {[%clk 0:20:59]} 24. d4 {[%clk 0:40:47]} Rd6
{[%clk 0:16:08]} 25. Re5 {[%clk 0:36:54]} Qd7 {[%clk 0:14:45]} 26. Qd3 {[%clk
0:35:57]} Rf8 {[%clk 0:14:27]} 27. Rae1 {[%clk 0:23:35]} Rf7 {[%clk 0:13:36]}
28. Qb5+ {[%clk 0:23:32]} Qxb5 {[%clk 0:13:22]} 29. axb5 {[%clk 0:24:00]} Rfd7
{[%clk 0:12:59]} 30. R1e2 {[%clk 0:17:57]} f4 {[%clk 0:12:52]} 31. Rf2 {[%clk
0:13:51]} a6 {[%clk 0:12:13]} 32. bxa6+ {[%clk 0:13:55]} Kxa6 {[%clk 0:12:24]}
33. Ra2+ {[%clk 0:13:45]} Kb6 {[%clk 0:12:04]} 34. Rh5 {[%clk 0:11:09]} c6
{[%clk 0:11:23]} 35. Re5 {[%clk 0:11:04]} Rf6 {[%clk 0:10:23]} 36. Bd1 {[%clk
0:09:54]} f3 {[%clk 0:09:41]} 37. g3 {[%clk 0:09:19]} Rff7 {[%clk 0:05:51]} 38.
Re6 {[%clk 0:07:23]} Bg5 {[%clk 0:05:34]} 39. b5 {[%clk 0:05:53]} Kxb5 {[%clk
0:03:29]} 40. Ba4+ {[%clk 0:06:17]} Kc4 {[%clk 0:03:20]} 41. Rxc6+ {[%clk
0:06:11]} Kd3 {[%clk 0:02:45]} 42. Bc2+ {[%clk 0:06:03]} Ke3 {[%clk 0:27:35]}
43. Re6+ {[%clk 0:31:00]} Kd2 {[%clk 0:27:49]} 44. Ba4+ {[%clk 0:29:30]} Kxc3
{[%clk 0:28:07]} 45. Bxd7 {[%clk 0:29:37]} Rxd7 {[%clk 0:28:31]} 46. Ra4 {[%clk
0:26:53]} Kd3 {[%clk 0:27:52]} 47. Rb6 {[%clk 0:25:44]} Be3+ {[%clk 0:27:30]}
48. Kf1 {[%clk 0:25:31]} Rc7 {[%clk 0:25:12]} 49. Rb3+ {[%clk 0:20:21]} Ke4
{[%clk 0:24:57]} 50. Rb1 {[%clk 0:19:57]} Rc2 {[%clk 0:24:05]} 51. Ra8 {[%clk
0:14:38]} Rxh2 {[%clk 0:13:23]} 52. Re8+ {[%clk 0:14:35]} Kxd4 {[%clk 0:13:29]}
53. Rxe3 {[%clk 0:14:54]} Kxe3 {[%clk 0:13:42]} 54. Rb3+ {[%clk 0:15:16]} Ke4
{[%clk 0:13:33]} 55. Rb4+ {[%clk 0:15:18]} d4 {[%clk 0:13:47]} 56. Rb8 {[%clk
0:15:38]} f2 {[%clk 0:10:39]} 57. Rf8 {[%clk 0:14:05]} Ke3 {[%clk 0:10:36]} 58.
Re8+ {[%clk 0:12:07]} Kd2 {[%clk 0:09:08]} 59. Rf8 {[%clk 0:10:48]} d3 {[%clk
0:08:37]} 60. Rf4 {[%clk 0:10:06]} h5 {[%clk 0:08:00]} 61. Rf8 {[%clk 0:10:06]}
Kd1 {[%clk 0:07:17]} 62. Rf4 {[%clk 0:10:30]} Rh1+ {[%clk 0:03:55]} 63. Kg2
{[%clk 0:10:54]} f1=Q+ {[%clk 0:03:51]} 64. Rxf1+ {[%clk 0:11:22]} Rxf1 {[%clk
0:04:09]} 65. Kxf1 {[%clk 0:11:46]} Kc2 {[%clk 0:04:32]} 0-1

[Event "Deutsche Ländermeisterschaft 2021"]
[Site "Neumünster GER"]
[Date "2021.10.05"]
[Round "6"]
[White "Polzin, Gustav"]
[Black "Khanbekyan, Nare"]
[Result "1-0"]
[Termination "normal"]
[Board "7.7"]
[WhiteElo "1536"]
[BlackElo "1252"]
[WhiteClock "00:58:57"]
[BlackClock "00:27:46"]
[WhiteTeam "Sachsen-Anhalt"]
[BlackTeam "Mecklenburg-Vorpommern"]
[PlyCount "139"]
[WhiteFideId "34603280"]
[BlackFideId "16270916"]
[EventCountry "GER"]
[EventRounds "7"]
[EventType "team-swiss"]
[EventDate "2021.10.01"]

1. e4 {[%clk 1:30:57]} c5 {[%clk 1:30:56]} 2. Nf3 {[%clk 1:31:16]} Nc6 {[%clk
1:31:15]} 3. d4 {[%clk 1:31:36]} cxd4 {[%clk 1:31:34]} 4. Nxd4 {[%clk 1:31:55]}
g6 {[%clk 1:31:49]} 5. Nc3 {[%clk 1:32:08]} Bg7 {[%clk 1:31:59]} 6. Be3 {[%clk
1:32:22]} Nf6 {[%clk 1:32:11]} 7. Bc4 {[%clk 1:32:32]} O-O {[%clk 1:32:16]} 8.
Bb3 {[%clk 1:32:39]} d6 {[%clk 1:31:59]} 9. f3 {[%clk 1:32:47]} Bd7 {[%clk
1:31:58]} 10. Qd2 {[%clk 1:31:27]} Nxd4 {[%clk 1:30:27]} 11. Bxd4 {[%clk
1:30:47]} b5 {[%clk 1:29:56]} 12. Nd5 {[%clk 1:29:16]} Nxd5 {[%clk 1:27:47]}
13. Bxg7 {[%clk 1:28:47]} Kxg7 {[%clk 1:27:58]} 14. exd5 {[%clk 1:28:53]} a5
{[%clk 1:26:50]} 15. a3 {[%clk 1:28:10]} Qc7 {[%clk 1:23:56]} 16. O-O {[%clk
1:23:46]} Qc5+ {[%clk 1:19:49]} 17. Kh1 {[%clk 1:23:37]} a4 {[%clk 1:14:01]}
18. Ba2 {[%clk 1:22:55]} Bf5 {[%clk 1:12:05]} 19. g4 {[%clk 1:19:52]} Bd7
{[%clk 1:07:21]} 20. c3 {[%clk 1:18:11]} Rfe8 {[%clk 1:03:26]} 21. Rad1 {[%clk
1:16:27]} Rac8 {[%clk 0:58:24]} 22. h4 {[%clk 1:10:33]} e6 {[%clk 0:49:24]} 23.
h5 {[%clk 1:08:41]} exd5 {[%clk 0:45:33]} 24. Bxd5 {[%clk 1:05:24]} Bc6 {[%clk
0:40:15]} 25. Bxc6 {[%clk 0:51:41]} Rxc6 {[%clk 0:36:55]} 26. h6+ {[%clk
0:49:16]} Kf8 {[%clk 0:35:24]} 27. Rde1 {[%clk 0:48:38]} Rd8 {[%clk 0:32:25]}
28. Qf4 {[%clk 0:47:59]} d5 {[%clk 0:30:23]} 29. g5 {[%clk 0:46:17]} d4 {[%clk
0:24:50]} 30. Rd1 {[%clk 0:38:46]} d3 {[%clk 0:19:59]} 31. Rd2 {[%clk 0:37:37]}
Qc4 {[%clk 0:15:54]} 32. Qe5 {[%clk 0:34:14]} Re6 {[%clk 0:14:03]} 33. Qg3
{[%clk 0:30:59]} Re2 {[%clk 0:11:40]} 34. Rfd1 {[%clk 0:30:49]} Rxd2 {[%clk
0:11:01]} 35. Rxd2 {[%clk 0:31:16]} Re8 {[%clk 0:10:38]} 36. Qd6+ {[%clk
0:31:28]} Kg8 {[%clk 0:06:49]} 37. Qf6 {[%clk 0:29:52]} Kf8 {[%clk 0:05:04]}
38. Kg2 {[%clk 0:28:13]} Re6 {[%clk 0:02:46]} 39. Qd8+ {[%clk 0:27:37]} Re8
{[%clk 0:03:04]} 40. Qd6+ {[%clk 0:27:39]} Kg8 {[%clk 0:03:08]} 41. Rxd3 {[%clk
0:25:04]} Qe6 {[%clk 0:28:08]} 42. Qxe6 fxe6 {[%clk 0:28:07]} 43. Rd7 {[%clk
0:55:35]} e5 {[%clk 0:27:28]} 44. Kf2 {[%clk 0:54:51]} e4 {[%clk 0:27:25]} 45.
f4 {[%clk 0:54:33]} e3+ {[%clk 0:27:37]} 46. Ke2 {[%clk 0:54:58]} Re4 {[%clk
0:27:11]} 47. Rd4 {[%clk 0:55:25]} Re6 {[%clk 0:26:51]} 48. Rb4 {[%clk
0:55:45]} Rb6 {[%clk 0:26:14]} 49. Kxe3 {[%clk 0:55:03]} Kf7 {[%clk 0:26:34]}
50. c4 {[%clk 0:55:09]} Ke6 {[%clk 0:26:56]} 51. Rxb5 {[%clk 0:55:31]} Rc6
{[%clk 0:26:16]} 52. Kd4 {[%clk 0:55:23]} Rd6+ {[%clk 0:26:07]} 53. Ke4 {[%clk
0:55:25]} Rc6 {[%clk 0:26:17]} 54. c5 {[%clk 0:55:40]} Rc7 {[%clk 0:25:57]} 55.
Rb6+ {[%clk 0:55:44]} Kd7 {[%clk 0:26:14]} 56. Kd5 {[%clk 0:56:06]} Kc8 {[%clk
0:26:06]} 57. Ra6 {[%clk 0:55:55]} Kb7 {[%clk 0:26:00]} 58. Rxa4 {[%clk
0:56:15]} Kc8 {[%clk 0:25:43]} 59. Ra8+ {[%clk 0:56:25]} Kb7 {[%clk 0:26:01]}
60. Rg8 {[%clk 0:56:48]} Rd7+ {[%clk 0:26:11]} 61. Ke6 {[%clk 0:57:01]} Rd2
{[%clk 0:25:52]} 62. Rg7+ {[%clk 0:56:43]} Kc6 {[%clk 0:26:01]} 63. Rxh7 {[%clk
0:57:04]} Re2+ {[%clk 0:26:16]} 64. Kf6 {[%clk 0:57:21]} Re8 {[%clk 0:26:30]}
65. Re7 {[%clk 0:57:28]} Rh8 {[%clk 0:26:47]} 66. Kxg6 {[%clk 0:57:50]} Kxc5
{[%clk 0:27:03]} 67. Kg7 {[%clk 0:58:12]} Rxh6 {[%clk 0:27:20]} 68. gxh6 {[%clk
0:58:35]} Kd6 {[%clk 0:27:46]} 69. h7 {[%clk 0:58:57]} Kxe7 {[%clk 0:27:46]}
70. h8=Q {[%clk 0:58:57]} 1-0

[Event "Deutsche Ländermeisterschaft 2021"]
[Site "Neumünster GER"]
[Date "2021.10.05"]
[Round "6"]
[White "Chandrasekher, Ritu"]
[Black "Rössling, Laura Marie"]
[Result "0-1"]
[Termination "normal"]
[Board "7.8"]
[WhiteElo "1307"]
[BlackElo "986"]
[WhiteClock "00:50:36"]
[BlackClock "00:18:59"]
[WhiteTeam "Mecklenburg-Vorpommern"]
[BlackTeam "Sachsen-Anhalt"]
[PlyCount "166"]
[WhiteFideId "34609024"]
[BlackFideId "16289471"]
[EventCountry "GER"]
[EventRounds "7"]
[EventType "team-swiss"]
[EventDate "2021.10.01"]

1. e4 {[%clk 1:30:58]} e5 {[%clk 1:30:45]} 2. Nf3 {[%clk 1:31:21]} Nc6 {[%clk
1:30:54]} 3. Bc4 {[%clk 1:31:45]} Bc5 {[%clk 1:30:59]} 4. O-O {[%clk 1:32:06]}
Nf6 {[%clk 1:30:50]} 5. d3 {[%clk 1:32:26]} d6 {[%clk 1:31:02]} 6. c3 {[%clk
1:32:48]} a6 {[%clk 1:31:00]} 7. b4 {[%clk 1:31:40]} Ba7 {[%clk 1:30:27]} 8.
Nbd2 {[%clk 1:31:05]} O-O {[%clk 1:30:28]} 9. h3 {[%clk 1:31:03]} b5 {[%clk
1:28:55]} 10. Bb3 {[%clk 1:30:53]} Qe7 {[%clk 1:21:02]} 11. Re1 {[%clk
1:30:10]} Be6 {[%clk 1:19:49]} 12. a4 {[%clk 1:29:47]} Bxb3 {[%clk 1:19:39]}
13. Qxb3 {[%clk 1:30:05]} bxa4 {[%clk 1:19:17]} 14. Qxa4 {[%clk 1:30:17]} Qd7
{[%clk 1:17:34]} 15. Bb2 {[%clk 1:29:55]} Bb6 {[%clk 1:13:53]} 16. Nc4 {[%clk
1:28:40]} a5 {[%clk 1:12:45]} 17. Qb3 {[%clk 1:26:15]} Qe6 {[%clk 1:10:16]} 18.
Qc2 {[%clk 1:25:12]} axb4 {[%clk 1:08:36]} 19. cxb4 {[%clk 1:24:56]} Nxb4
{[%clk 1:06:51]} 20. Qd2 {[%clk 1:22:35]} Rxa1 {[%clk 1:05:32]} 21. Rxa1 {[%clk
1:22:29]} Nc6 {[%clk 1:04:17]} 22. Rc1 {[%clk 1:21:44]} Nd4 {[%clk 1:01:28]}
23. Nxd4 {[%clk 1:19:34]} Bxd4 {[%clk 1:00:54]} 24. Ba3 {[%clk 1:18:56]} Ra8
{[%clk 0:55:31]} 25. Na5 {[%clk 1:17:12]} Qd7 {[%clk 0:54:06]} 26. Qb4 {[%clk
1:15:51]} Bc5 {[%clk 0:49:58]} 27. Qc3 {[%clk 1:14:48]} Bxa3 {[%clk 0:44:57]}
28. Qxa3 {[%clk 1:15:03]} c5 {[%clk 0:44:12]} 29. Qc3 {[%clk 1:10:43]} d5
{[%clk 0:39:44]} 30. Qxc5 {[%clk 1:09:05]} dxe4 {[%clk 0:36:36]} 31. dxe4
{[%clk 1:04:14]} Nxe4 {[%clk 0:36:11]} 32. Qxe5 {[%clk 1:03:49]} Nf6 {[%clk
0:36:27]} 33. Nc4 {[%clk 1:02:13]} Rc8 {[%clk 0:30:45]} 34. Qe2 {[%clk
1:00:57]} Qc6 {[%clk 0:26:10]} 35. Qd3 {[%clk 0:59:43]} Nd5 {[%clk 0:25:08]}
36. Rd1 {[%clk 0:58:33]} Qxc4 {[%clk 0:24:33]} 37. Qxd5 {[%clk 0:58:35]} Qxd5
{[%clk 0:24:53]} 38. Rxd5 {[%clk 0:58:57]} Rc1+ {[%clk 0:25:17]} 39. Kh2 {[%clk
0:59:12]} g6 {[%clk 0:25:36]} 40. g3 {[%clk 0:58:49]} Rc2 {[%clk 0:25:42]} 41.
Kg2 {[%clk 0:58:57]} h5 {[%clk 0:22:31]} 42. h4 {[%clk 0:58:38]} Kh7 {[%clk
0:21:17]} 43. Rd7 {[%clk 0:58:32]} Kg7 {[%clk 0:21:37]} 44. Rd3 {[%clk
0:57:16]} Kh6 {[%clk 0:20:09]} 45. Kf3 {[%clk 0:56:47]} Rc6 {[%clk 0:18:46]}
46. Rd2 {[%clk 0:56:53]} Rf6+ {[%clk 0:19:02]} 47. Ke4 {[%clk 0:55:14]} Re6+
{[%clk 0:19:02]} 48. Kf4 {[%clk 0:55:22]} f5 {[%clk 0:17:31]} 49. Rd3 {[%clk
0:53:53]} Re4+ {[%clk 0:17:35]} 50. Kf3 {[%clk 0:53:52]} Re6 {[%clk 0:17:00]}
51. Re3 {[%clk 0:54:11]} Rf6 {[%clk 0:15:44]} 52. Kf4 {[%clk 0:54:00]} Rd6
{[%clk 0:15:51]} 53. Ke5 {[%clk 0:51:00]} Rd2 {[%clk 0:15:30]} 54. Rf3 {[%clk
0:50:30]} Re2+ {[%clk 0:15:27]} 55. Kf6 {[%clk 0:50:18]} Re8 {[%clk 0:15:13]}
56. Kf7 {[%clk 0:50:11]} Rh8 {[%clk 0:15:31]} 57. Rd3 {[%clk 0:49:10]} Rh7+
{[%clk 0:15:54]} 58. Kf6 {[%clk 0:48:51]} Rh8 {[%clk 0:15:27]} 59. Rd7 {[%clk
0:48:57]} Ra8 {[%clk 0:15:35]} 60. Rg7 {[%clk 0:48:53]} Ra6+ {[%clk 0:15:45]}
61. Kf7 {[%clk 0:47:49]} Ra7+ {[%clk 0:15:59]} 62. Kf8 Rxg7 63. f4 {[%clk
0:45:09]} Ra7 {[%clk 0:16:13]} 64. Ke8 {[%clk 0:45:21]} Ra3 {[%clk 0:16:32]}
65. Ke7 {[%clk 0:45:38]} Rxg3 {[%clk 0:16:52]} 66. Kf6 {[%clk 0:45:58]} Re3
{[%clk 0:16:50]} 67. Kf7 {[%clk 0:45:56]} Rf3 {[%clk 0:17:06]} 68. Kf6 {[%clk
0:46:14]} Rxf4 {[%clk 0:17:28]} 69. Ke5 {[%clk 0:46:31]} Rxh4 {[%clk 0:17:31]}
70. Kd5 {[%clk 0:46:52]} f4 {[%clk 0:17:59]} 71. Ke4 {[%clk 0:47:25]} Kg5
{[%clk 0:16:27]} 72. Kf3 {[%clk 0:47:25]} Rh3+ {[%clk 0:16:48]} 73. Kg2 {[%clk
0:47:25]} Kg4 {[%clk 0:16:48]} 74. Kf2 {[%clk 0:47:40]} Rh2+ {[%clk 0:17:23]}
75. Kg1 {[%clk 0:47:56]} Kg3 {[%clk 0:17:32]} 76. Kf1 {[%clk 0:48:13]} Rh1+
{[%clk 0:17:38]} 77. Ke2 {[%clk 0:48:36]} f3+ {[%clk 0:17:58]} 78. Ke3 {[%clk
0:48:55]} f2 {[%clk 0:18:09]} 79. Kd4 {[%clk 0:49:19]} Rd1+ {[%clk 0:18:14]}
80. Ke4 {[%clk 0:49:43]} f1=Q {[%clk 0:18:59]} 81. Ke5 {[%clk 0:50:00]} Re1+
{[%clk 0:19:06]} 82. Kd4 {[%clk 0:50:19]} Rd1+ {[%clk 0:18:59]} 83. Ke5 {[%clk
0:50:36]} Qf5# 0-1